000 01012nam a2200289Ia 4500
003 IN-BaIIA
008 211028s9999 xx s 000 0 eng d
020 _a978-3-642-29563-8 (Print)
020 _a978-3-642-29564-5 (Online)
022 _a0342-4111 (Print)
022 _a1556-1534 (Online)
040 _cIIA Library
100 _aPeiponen, Kai-Erik
_939577
245 0 _aTerahertz Spectroscopy and Imaging
_h[eBook]
260 _aHeidelberg, Berlin
_bSpringer Berlin Heidelberg
_c2013
300 _aOnline resource
490 _aSpringer Series in Optical Sciences
650 _a Atomic, Molecular, Optical and Plasma Physics
650 _a Classical Electrodynamics
_927032
650 _a Microwaves, RF and Optical Engineering
650 _a Optics, Lasers, Photonics, Optical Devices
650 _aPhysics
_973
700 _aKuwata-Gonokami,Makoto
_939578
700 _aZeitler, Axel
_939579
856 _uhttp://doi.org/10.1007/978-3-642-29564-5
_yClick Here to Access eBook
942 _cEB
999 _c21391
_d21391